Statistiken für Ortsteile von Bonn

Klicken Sie hier um das Quiz zu spielen!

Allgemein

  • Dieses Quiz wurde 69 mal gespielt
  • Das Durchschnittsergebnis liegt bei 24 aus 51

Antwortstatistiken

StadtbezirkOrtsteil% Korrekt
BonnKessenich
75%
BeuelBeuel-Mitte
73%
BonnTannenbusch
71%
BonnSüdstadt
70%
BeuelBeuel-Ost
68%
BonnNordstadt
68%
HardtbergDuisdorf
66%
BonnPoppelsdorf
66%
BonnEndenich
64%
HardtbergLengsdorf
61%
Bad GodesbergAlt-Godesberg
61%
BonnLessenich/Messdorf
61%
BeuelPützchen/Bechlinghoven
59%
Bad GodesbergMehlem
59%
BonnBonn-Castell
59%
BonnVenusberg
59%
BonnAuerberg
57%
BonnGronau
55%
BeuelSchwarzrheindorf/Vilich-Rheindorf
55%
BonnWeststadt
54%
BonnDottendorf
52%
BonnDransdorf
52%
BonnGraurheindorf
52%
Bad GodesbergPlittersdorf
50%
HardtbergBrüser Berg
50%
BeuelVilich
48%
BonnIppendorf
48%
BonnBonn-Zentrum
46%
BeuelLimperich
45%
BeuelRamersdorf
43%
BeuelOberkassel
43%
Bad GodesbergGodesberg-Villenviertel
39%
Bad GodesbergFriesdorf
39%
BeuelKüdinghoven
38%
BeuelHolzlar
36%
BonnBuschdorf
34%
BonnÜckesdorf
32%
Bad GodesbergSchweinheim
32%
Bad GodesbergMuffendorf
32%
BeuelHoholz
30%
BonnRöttgen
30%
Bad GodesbergRüngsdorf
29%
Bad GodesbergLannesdorf
29%
Bad GodesbergGodesberg-Nord
29%
HardtbergHardthöhe
29%
BeuelGeislar
27%
BeuelVilich-Müldorf
25%
Bad GodesbergHeiderhof
25%
Bad GodesbergPennenfeld
21%
Bad GodesbergHochkreuz
20%
BeuelHoltorf
13%

Verteilung der Resultate

Perzentil nach korrekt beantworteten Fragen

Anzahl Personen mit jedem Resultat

Ihre Resultats-Entwicklung

Sie haben dieses Quiz noch nicht gespielt